BIBLIOTHÈQUE DE LA MAISON DU MEXIQUE

Logo 1 Logo 2

Cancionero mexicano (notice nᵒ 12000)

détails MARC
000 -Sello discográfico
campo de control de longitud fija 00857nam a2200301 4500
005 - Identificación de versión
campo de control 20250925141625.0
010 ## - Número Estándar Internacional de Libros (ISBN)
Número (ISBN) 968-29-2940-7
035 ## - Otros números de control del sistema
Número de control del sistema 372
099 ## - fechas locales
Tipo de ítem Koha LIBRO
100 ## - Datos de procesamiento general
Datos de procesamiento general 20041124d20001990m y1spay5003 ba
105 ## - Campo de datos codificados: Material textual, monográfico
Datos codificados de monografía a 001zy
200 1# - Título y mención de responsabilidad
Título propio Cancionero mexicano
Designación general del material texto impreso
Primer mención de responsabilidad Selección María Luisa Valdivia
205 ## - Declaración de edición
Declaración de edición 6a reimpr de la 2a ed
210 ## - Publicación, distribución, etc.
Lugar de publicación, distribución, etc. México
Nombre del editor, distribuidor, etc. Secretaría de Educación Pública
Fecha de publicación, distribución, etc. 2000
215 ## - Descripción física
Designación de material específico y extensión del ítem 47 p
Otras características físicas il.
Dimensiones 23 cm
345 ## - Nota de información de adquisición
Fuente de adquisición/dirección de la suscripción [OBSOLETO] Donación de la SEP
410 #1 - Series
Título Libros del Rincón
606 ## - Término temático usado como materia
Elemento de entrada Canciones mexicanas
Número Koha 18621
660 ## - Código de área geográfica
Código MX
702 ## - Nombre personal - Responsabilidad secundaria
Elemento de entrada Valdivia
Parte del nombre distinta del elemento de entrada María Luisa
Número Koha 18622
801 #0 - Fuente de origen
Agencia cm
900 ## -
-- 1/8440
900 ## -
-- 7100420206\241104
942 ## - ELEMENTOS DE ENTRADA SECUNDARIOS (KOHA)
Tipo de ítem Koha Livre
996 ## -
-- MEX
-- 751145101
-- MMAG
-- 008466
-- 784.4 V146C
-- 20230904LIV
Exemplaires
Estatus retirado Estado de daño Estado de pérdida Fecha de adquisición Biblioteca de origen Biblioteca actual Ubicación en estantería Código de barras Precio de reemplazo Signatura topográfica completa No para préstamo Tipo de ítem Koha Nota pública Nota no pública
      05/08/2025 Casa México Paris Casa México Paris   008466 05/08/2025 784.4 V146C   Livre 20230904LIV 751145101